000 00338nam a22001337a 4500
020 _qPB.
040 _cFIZZA ISHAQ
082 _a006.7
_bELA
100 _aFINNEY,ANDY ENGLAND ELAINE.
_989334
245 _aMANAGING INTERACTIVE MEDIA /
_cELAINE ENGLAND ANDY FINNEY.
260 _aLONDON ;
_c1996.
300 _a285 P. ;
942 _2ddc
_cBK
999 _c588102
_d588102